000 00482nam a2200181Ia 4500
008 090123s9999 xx 000 0 und d
082 _b1119
100 _aनंदा गुलशन
245 _aनीलकंठ
250 _a1
260 _bपाकेट संस्करण
300 _a243
600 _aनंदा गुलशन
630 _aनीलकंठ
700 _aनंदा गुलशन
730 _aनीलकंठ
942 _cBOOK
999 _c39203
_d39203